| 000 | 01423nam a2200349 i 4500 | ||
|---|---|---|---|
| 001 | 184548 | ||
| 003 | ES-MaACL | ||
| 005 | 20250929063303.0 | ||
| 008 | 151021s2010 sp acfo |||| |cspa d | ||
| 020 | _a9788496495449 | ||
| 080 | _a32 Villalta, M. | ||
| 080 | _a323.281(460.315 A.)"1939/75" | ||
| 100 | 1 |
_aSánchez Recio, Glicerio, _d1944- _9157965 |
|
| 245 | 1 | 3 |
_aLa República decapitada : _bel caso de la familia Villalta Gisbert, Alicante, 1939-1942 / _cGlicerio Sánchez Recio. |
| 250 | _a1ª ed. | ||
| 260 |
_aBarcelona : _bFlor del Viento, _c2010. |
||
| 300 |
_a349 p., [8] p. de lám. fot. : _bil. ; _c23 cm. |
||
| 490 | 1 |
_aDel viento terral ; _v47 |
|
| 500 | _aApéndice documental. | ||
| 500 | _aÍndice onomástico. | ||
| 504 | _aBibliografía: p. [337]-341. | ||
| 505 | 8 | _aContiene: Semblanza de Miguel Villalta ; El proceso contra Miguel Villalta | |
| 600 | 1 | 4 |
_aVillalta, Miguel, _d1838-1907 _9114984 |
| 650 | 4 |
_aRepresión política- _zAlicante- _y1939-1975. _9157966 |
|
| 655 | 0 |
_aBiografías _9176647 |
|
| 830 | 1 |
_aDel viento terral ; _v47 _9181941 |
|
| 852 | 4 |
_aES-MaACL _9191549 _bR.150462 _jA-13600 _dOlim: N-6600 _hDonación: Miguel A. Schiller Villalta _gDedicatoria autógrafa de Miguel A. Schiller Villalta _cDEPO1 |
|
| 903 |
_aSchiller Villalta, Miguel A. _9234591 _ednr |
||
| 942 |
_2udc _cMONOGRAFIA |
||
| 999 |
_c184548 _d184548 |
||